000 00301nam a2200109 a 4500
005 20140414093832.0
008 970109s19uu xx 00 eng d
050 _aVHS 500
_bOR 06
245 _aBritannica Science and Tecnology Video Library :
_bVideo 17. Astronomy.
942 _cAVM
999 _c108755
_d108755